Wszyscy zawodnicy powołani na mundial 2014 - Statystyki

Ogólne statystyki
  • Ten quiz został rozwiązany 53 razy
  • Średni wynik to 151 z 736
Statystyki odpowiedzi
Reprezentacja Numer Zawodnik % Poprawnych
10 Neymar
97%
9 Samuel Eto’o
95%
10 Lionel Messi
84%
7 Cristiano Ronaldo
81%
6 Marcelo
81%
4 David Luiz
78%
10 Luka Modrić
78%
9 Son Heung-min
78%
3 Thiago Silva
78%
13 Thomas Müller
78%
Niemcy 1 Manuel Neuer
76%
21 David Silva
73%
Francja 1 Hugo Lloris
73%
10 James Rodríguez
73%
3 Pepe
73%
6 Andrés Iniesta
70%
7 Cristian Rodríguez
70%
21 Domagoj Vida
70%
22 Eduardo da Silva
70%
2 Francisco Javier Rodríguez
70%
5 Francisco Silva
70%
Włochy 1 Gianluigi Buffon
70%
13 Guillermo Ochoa
70%
8 Ha Dae-sung
70%
12 Júlio César
70%
19 Leonardo Bonucci
70%
9 Luis Suárez
70%
23 Martín Silva
70%
11 Maxi Rodríguez
70%
15 Rafael Silva
70%
13 Ricardo Rodríguez
70%
10 Wayne Rooney
70%
3 Giorgio Chiellini
68%
20 Jérôme Boateng
68%
9 Kevin-Prince Boateng
68%
11 Miroslav Klose
68%
16 Philipp Lahm
68%
9 Romelu Lukaku
68%
8 Xavi
68%
12 Yann Sommer
68%
19 Adrián Ramos
65%
7 Alexis Sánchez
65%
11 Antoine Griezmann
65%
11 Arjen Robben
65%
6 Carlos Sánchez
65%
11 Edin Džeko
65%
22 Fabian Schär
65%
9 Gonzalo Higuaín
65%
Hiszpania 1 Iker Casillas
65%
7 Kevin De Bruyne
65%
11 Lee Keun-ho
65%
5 Mats Hummels
65%
15 Sergio Ramos
65%
18 Toni Kroos
65%
8 Arturo Vidal
62%
2 Dani Alves
62%
23 Danijel Subašić
62%
21 Edinson Cavani
62%
3 Gerard Piqué
62%
20 Hong Jeong-ho
62%
6 Hwang Seok-ho
62%
7 Ivan Rakitić
62%
Anglia 1 Joe Hart
62%
Kostaryka 1 Keylor Navas
62%
10 Lukas Podolski
62%
19 Mario Götze
62%
22 Park Joo-ho
62%
19 Paul Pogba
62%
9 Robin van Persie
62%
8 Abel Hernández
59%
7 Ángel Di María
59%
16 Antonio Valencia
59%
7 David Villa
59%
11 Didier Drogba
59%
13 Enner Valencia
59%
9 Fernando Torres
59%
5 Gary Cahill
59%
14 Javier Hernández
59%
18 Jordi Alba
59%
10 Karim Benzema
59%
18 Leroy Fer
59%
Belgia 1 Thibaut Courtois
59%
4 Tim Cahill
59%
2 Bruno Alves
57%
3 Diego Godín
57%
10 Eden Hazard
57%
21
57%
21 Andrea Pirlo
54%
Urugwaj 1 Fernando Muslera
54%
9 Fred
54%
16 Ki Sung-yong
54%
17 Mario Mandžukić
54%
9 Olivier Giroud
54%
12 Rui Patrício
54%
Argentyna 1 Sergio Romero
54%
23 Xherdan Shaqiri
54%
15 Andrea Barzagli
51%
Chile 1 Claudio Bravo
51%
Kolumbia 1 David Ospina
51%
8 Frank Lampard
51%
5 Jan Vertonghen
51%
20 Sergio Agüero
51%
4 Steven Gerrard
51%
9 André Schürrle
49%
7 Bastian Schweinsteiger
49%
11 Éder
49%
Rosja 1 Igor Akinfiejew
49%
4 Ivan Perišić
49%
Holandia 1 Jasper Cillessen
49%
11 Juan Cuadrado
49%
8 Mesut Özil
49%
17 Nani
49%
11 Oscar
49%
11 Pedro
49%
19 Raheem Sterling
49%
6 Sami Khedira
49%
10 Shinji Kagawa
49%
14 Xabi Alonso
49%
19 Yaya Touré
49%
10 Bryan Ruiz
46%
11 Darijo Srna
46%
6 Dejan Lovren
46%
20 Fidel Martínez
46%
10 Granit Xhaka
46%
21 Jackson Martínez
46%
4 Javi Martínez
46%
2 Kim Chang-soo
46%
4 Kolo Touré
46%
21 Laurent Koscielny
46%
10 Mario Martínez
46%
20 Mateo Kovačić
46%
8 Mathieu Valbuena
46%
6 Nigel de Jong
46%
4 Raphaël Varane
46%
16 Rony Martínez
46%
16 Sergio Busquets
46%
USA 1 Tim Howard
46%
10 Wesley Sneijder
46%
7 Ahmed Musa
43%
10 André Ayew
43%
14 Blaise Matuidi
43%
19 Diego Costa
43%
9 Haris Seferović
43%
7 Hulk
43%
10 John Obi Mikel
43%
13 Jordan Ayew
43%
7 Kim Bo-kyung
43%
21 Kim Seung-gyu
43%
18 Kim Shin-wook
43%
5 Kim Young-gwon
43%
9 Mario Balotelli
43%
8 Miralem Pjanić
43%
13 Ricardo Costa
43%
21 Riyad Mahrez
43%
2 Toby Alderweireld
43%
18 Andrés Guardado
41%
23 Christoph Kramer
41%
8 Claudio Marchisio
41%
9 Joel Campbell
41%
14 Jordan Henderson
41%
9 Shinji Okazaki
41%
13 Augusto Fernández
38%
6 Axel Witsel
38%
4 Benedikt Höwedes
38%
10 Cesc Fàbregas
38%
9 Daniel Sturridge
38%
17 Federico Fernández
38%
5 Fernandinho
38%
10 Giovani dos Santos
38%
13 José María Giménez
38%
4 Keisuke Honda
38%
Honduras 1 Luis López Fernández
38%
17 Luiz Gustavo
38%
14 Marcelo Brozović
38%
16 Marcos Rojo
38%
22 Nacer Chadli
38%
16 Ramires
38%
20 Serey Dié
38%
4 Vincent Kompany
38%
6 Álvaro Pereira
35%
15 Bacary Sagna
35%
17 Ciro Immobile
35%
8 Clint Dempsey
35%
16 Daniele De Rossi
35%
17 Gary Medel
35%
8 João Moutinho
35%
21 João Pereira
35%
16 Maxi Pereira
35%
21 Memphis Depay
35%
10 Park Chu-young
35%
22 Roman Weidenfeller
35%
Bośnia 1 Asmir Begović
32%
12 Camilo Vargas
32%
10 Diego Forlán
32%
14 Dries Mertens
32%
11 Eduardo Vargas
32%
13 Islam Slimani
32%
14 Javier Mascherano
32%
22 Lorenzo Insigne
32%
8 Marouane Fellaini
32%
Australia 1 Mathew Ryan
32%
2 Stephan Lichtsteiner
32%
23 Tim Krul
32%
5 Vedran Ćorluka
32%
11 Victor Moses
32%
19 Willian
32%
23 Carlos Valdés
30%
11 Danny Welbeck
30%
12 David de Gea
30%
16 Gelson Fernandes
30%
10 Gervinho
30%
6 Héctor Herrera
30%
17 James Milner
30%
13 Jermaine Jones
30%
23 Johnny Herrera
30%
15 Júnior Díaz
30%
21 Marcelo Díaz
30%
22 Martín Cáceres
30%
4 Pablo Zabaleta
30%
3 Patrice Evra
30%
16 Phil Jones
30%
21 Roman Bürki
30%
6 William Carvalho
30%
20 Adam Lallana
27%
6 Alex Song
27%
2 Cristián Zapata
27%
20 Georginio Wijnaldum
27%
23 Lee Bum-young
27%
6 Lucas Biglia
27%
23 Maicon
27%
22 Maya Yoshida
27%
15 Mile Jedinak
27%
18 Moussa Sissoko
27%
15 Park Jong-woo
27%
19 Ricardo Álvarez
27%
21 Shkodran Mustafi
27%
3 Stefan de Vrij
27%
18 Admir Mehmedi
24%
10 Ałan Dzagojew
24%
9 Aleksandr Kokorin
24%
20 Bernard
24%
13 Dante
24%
22 Ezequiel Lavezzi
24%
23 Fabian Johnson
24%
5 Fábio Coentrão
24%
2 Glen Johnson
24%
7 Ignazio Abate
24%
19 Ji Dong-won
24%
21 Joël Matip
24%
5 Juanfran
24%
3 Leighton Baines
24%
23 Marco Verratti
24%
15 Martín Demichelis
24%
17 Per Mertesacker
24%
4 Rafael Márquez
24%
18 Rodrigo Palacio
24%
12 Ron-Robert Zieler
24%
12 Salvatore Sirigu
24%
4 Siergiej Ignaszewicz
24%
12 Simon Mignolet
24%
11 Valon Behrami
24%
12 Wilfried Bony
24%
20 Álvaro González
22%
22 César Azpilicueta
22%
20 Charles Aránguiz
22%
5 Daley Blind
22%
17 Divock Origi
22%
3 Giancarlo González
22%
8 Gökhan İnler
22%
14 Han Kook-young
22%
18 Ivica Olić
22%
6 John Brooks
22%
23 José Reina
22%
18 Juan Zúñiga
22%
23 Luke Shaw
22%
2 Mathieu Debuchy
22%
3 Omar Gonzalez
22%
8 Paulinho
22%
6 Phil Jagielka
22%
6 Yohan Cabaye
22%
15 Blerim Džemaili
19%
17 Carlos Bacca
19%
12 Chris Smalling
19%
Szwajcaria 1 Diego Benaglio
19%
Portugalia 1 Eduardo
19%
11 Felipe Caicedo
19%
15 Héctor Moreno
19%
20 Johan Djourou
19%
7 Jorgos Samaras
19%
13 Juan Mata
19%
2 Kevin Großkreutz
19%
19 Klaas-Jan Huntelaar
19%
4 Kostas Manolas
19%
20 Kwadwo Asamoah
19%
14 Luís Neto
19%
6 Michael Lang
19%
19 Moussa Dembélé
19%
9 Raúl Jiménez
19%
5 Sead Kolašinac
19%
2 Šime Vrsaljko
19%
Chorwacja 1 Stipe Pletikosa
19%
5 Thiago Motta
19%
9 Vedad Ibišević
19%
10 Vincent Aboubakar
19%
3 Yun Suk-young
19%
5 Yūto Nagatomo
19%
2 Benoît Assou-Ekotto
16%
15 Daniel van Buyten
16%
15 Diego Pérez
16%
20 Edgar Salli
16%
19 Edin Višća
16%
8 Enzo Pérez
16%
22 Fraser Forster
16%
20 Juan Quintero
16%
14 Julian Draxler
16%
5 Mamadou Sakho
16%
7 Mathew Leckie
16%
4 Matteo Darmian
16%
5 Michael Essien
16%
7 Miguel Layún
16%
2 Raúl Albiol
16%
8 Salomon Kalou
16%
4 Santiago Arias
16%
20 Santi Cazorla
16%
3 Thomas Vermaelen
16%
14 Víctor Ibarbo
16%
14 Wasilij Bieriezucki
16%
20 Adnan Januzaj
14%
22 Alexander Domínguez
14%
15 Alex Oxlade-Chamberlain
14%
9 Alireza Jahanbakhsh
14%
22 Andreas Samaris
14%
6 Antonio Candreva
14%
3 Asamoah Gyan
14%
13 Ben Foster
14%
22 Beto
14%
4 Bruno Martins Indi
14%
8 Édison Méndez
14%
Japonia 1 Eiji Kawashima
14%
13 Eliaquim Mangala
14%
15 Erik Durm
14%
22 Esteban Paredes
14%
2 Ezequiel Garay
14%
16 Felipe Gutiérrez
14%
23 Hélder Postiga
14%
7 Jack Wilshere
14%
19 Josip Drmić
14%
4 Juan Carlos Paredes
14%
11 Kevin Mirallas
14%
17 Lee Chung-yong
14%
12 Lee Yong
14%
17 Mario Gavranović
14%
14 Maxwell
14%
4 Miguel Veloso
14%
15 Milan Badelj
14%
22 Morgan Schneiderlin
14%
Grecja 1 Orestis Karnezis
14%
17 Stéphane M’Bia
14%
16 Stéphane Ruffier
14%
9 Teófilo Gutiérrez
14%
11 Yacine Brahimi
14%
7 Yasuhito Endō
14%
12 Alfredo Talavera
11%
19 André Almeida
11%
WKS 1 Boubacar Barry
11%
3 Danijel Pranjić
11%
7 Daryl Janmaat
11%
2 DeAndre Yedlin
11%
18 Hernanes
11%
9 Hugo Almeida
11%
Brazylia 1 Jefferson
11%
8 Jonathan de Guzmán
11%
Meksyk 1 José de Jesús Corona
11%
18 Jurij Żyrkow
11%
17 Koke
11%
18 Marco Parolo
11%
2 Mattia De Sciglio
11%
4 Mauricio Isla
11%
4 Michael Bradley
11%
12 Mitchell Langerak
11%
17 Oleg Szatow
11%
2 Ron Vlaar
11%
20 Rúben Amorim
11%
19 Sebastián Coates
11%
17 Serge Aurier
11%
18 Silvestre Varela
11%
10 Sofiane Feghouli
11%
10 Antonio Cassano
8%
14 Aurélien Chedjou
8%
13 Carlo Costly
8%
7 Christian Bolaños
8%
11 Cristhian Stuani
8%
8 Dienis Głuszakow
8%
14 Dimitris Salpingidis
8%
15 Dirk Kuijt
8%
9 Emmanuel Emenike
8%
2 Eugenio Mena
8%
5 Fernando Gago
8%
13 Fredy Guarín
8%
18 Gastón Ramírez
8%
3 Gōtoku Sakai
8%
21 Hiroki Sakai
8%
9 Jerry Palacios
8%
20 José Holebas
8%
17 Jozy Altidore
8%
6 Juan Carlos García
8%
9 Konstandinos Mitroglu
8%
20 Loïc Rémy
8%
17 Lucas Digne
8%
13 Mattia Perin
8%
14 Óscar Boniek García
8%
8 Panajotis Kone
8%
16 Raul Meireles
8%
18 Rickie Lambert
8%
17 Teofanis Gekas
8%
15 Wasilis Torosidis
8%
8 Wilson Palacios
8%
11 Aleksandr Kierżakow
5%
19 Aleksandr Samiedow
5%
16 Ante Rebić
5%
21 Anthony Vanden Borre
5%
8 Bailey Wright
5%
12 Brad Guzan
5%
3 Carlos Salcido
5%
7 Christian Atsu
5%
18 Chris Wondolowski
5%
5 Diego Reyes
5%
23 Dmitrij Kombarow
5%
3 Ehsan Hajsafi
5%
13 Éric Maxim Choupo-Moting
5%
14 Fabián Orellana
5%
21 Giovanni Sio
5%
18 Gonzalo Jara
5%
19 Graham Zusi
5%
15 Henrique
5%
15 Jean Beausejour
5%
7 Jefferson Montero
5%
17 Jeremain Lens
5%
2 Johnny Acosta
5%
10 Jorge Valdivia
5%
23 José Juan Vázquez
5%
4 Juan Pablo Montes
5%
10 Karim Ansarifard
5%
13 Koo Ja-cheol
5%
17 Makoto Hasebe
5%
3 Mario Yepes
5%
23 Marvin Chávez
5%
3 Matthias Ginter
5%
15 Max Gradel
5%
22 Michel Vorm
5%
14 Nabil Bentaleb
5%
9 Nikica Jelavić
5%
19 Oribe Peralta
5%
6 Óscar Duarte
5%
2 Osman Chávez
5%
2 Ousmane Viera
5%
12 Paul Verhaegh
5%
16 Senad Lulić
5%
23 Shūichi Gonda
5%
11 Sulley Muntari
5%
Nigeria 1 Vincent Enyeama
5%
13 Władimir Granat
5%
18 Yūya Ōsako
5%
8 Abel Aguilar
3%
20 Aïssa Mandi
3%
14 Alberto Aquilani
3%
21 Aleksiej Ionow
3%
2 Aleksiej Kozłow
3%
11 Alessio Cerci
3%
22 Alex Wilkinson
3%
5 Amir Hosejn Sadeghi
3%
3 Arthur Boka
3%
2 Atsuto Uchida
3%
2 Avdija Vršajević
3%
8 Benjamin Moukandjo
3%
14 Brad Davis
3%
23 Carlos Gruezo
3%
5 Celso Borges
3%
16 Charles Itandje
3%
9 Cheik Tioté
3%
6 Christian Noboa
3%
16 Cristian Gamboa
3%
7 DaMarcus Beasley
3%
5 Didier Zokora
3%
2 Diego Lugano
3%
16 Éder Álvarez Balanta
3%
17 Egidio Arévalo
3%
4 Emir Spahić
3%
3 Ermin Bičakčić
3%
3 Faouzi Ghoulam
3%
20 Gabriel Paletta
3%
13 Gordon Schildenfeld
3%
23 Harrison Afful
3%
12 Henri Bedimo
3%
3 Hugo Campagnaro
3%
7 Igor Dienisow
3%
14 Ismaël Diomandé
3%
17 Jaime Ayoví
3%
16 James Holland
3%
11 Jerry Bengtson
3%
9 Joao Rojas
3%
13 Joël Veltman
3%
16 Jordy Clasie
3%
10 Jorgos Karangunis
3%
19 José Pedro Fuenzalida
3%
13 José Rojas
3%
16 Julian Green
3%
22 Kenneth Omeruo
3%
23 Laurent Ciman
3%
6 Maksim Kanunnikow
3%
8 Marco Fabián
3%
21 Marco Ureña
3%
21 Mariano Andújar
3%
21 Massimo Luongo
3%
6 Mathis Bolly
3%
Ekwador 1 Máximo Banguera
3%
7 Muhamed Bešić
3%
9 Nabil Ghilas
3%
22 Nick Rimando
3%
6 Ognjen Vranješ
3%
7 Pablo Armero
3%
22 Paul Aguilar
3%
8 Peter Odemwingie
3%
4 Philippe Senderos
3%
7 Rémy Cabella
3%
5 Renato Ibarra
3%
16 Reza Gouchannejad
3%
12 Rio Mavuba
3%
12 Rodrigo Muñoz
3%
19 Sammir
3%
23 Sejad Salihović
3%
23 Shola Ameobi
3%
19 Sokratis Papastatopulos
3%
22 Souleymane Bamba
3%
16 Steven Defour
3%
7 Tranquillo Barnetta
3%
14 Valentin Stocker
3%
10 Vieirinha
3%
10 Walter Ayoví
3%
10 Zvjezdan Misimović
3%
18 Abdelmoumene Djabou
0%
18 Abdul Majeed Waris
0%
12 Adam Kwarasey
0%
9 Adam Taggart
0%
12 Adrián Bone
0%
6 Afriyie Acquah
0%
12 Agustín Orión
0%
17 Ahmad Al-e Name
0%
11 Alan Pulido
0%
14 Albert Adomah
0%
11 Alejandro Bedoya
0%
6 Aleksandros Dziolis
0%
15 Alexander Mejía
0%
12 Alireza Haghighi
0%
22 Allan Nyom
0%
14 Andranik Tejmurijan
0%
22 Andriej Jeszczenko
0%
5 Andriej Siemionow
0%
17 Andy Najar
0%
21 Anel Hadžić
0%
9 Aron Jóhannsson
0%
22 Asmir Avdukić
0%
21 Aszkan Dejagah
0%
16 Augustine Ejide
0%
6 Azubuike Egwuekwe
0%
18 Bachtijar Rahmani
0%
10 Ben Halloran
0%
21 Brayan Beckeles
0%
12 Carl Medjani
0%
5 Carlos Carbonero
0%
6 Carlos Carmona
0%
21 Carlos Peña
0%
4 Cédric Djeugoué
0%
Algieria 1 Cédric Si Mohamed
0%
21 Chigozie Agbim
0%
2 Chosrou Hejdari
0%
18 Constant Djakpa
0%
12 Cristopher Toselli
0%
23 Daniel Cambronero
0%
22 Daniel Davari
0%
4 Daniel Opare
0%
5 Dany Nounkeu
0%
20 Dario Vidošić
0%
8 David Myrie
0%
13 Didier Ya Konan
0%
20 Diego Calvo
0%
6 Djamel Mesbah
0%
22 Donis Escober
0%
4 Dżalal Hosejni
0%
6 Dżawad Nekunam
0%
12 Edder Delgado
0%
5 Efe Ambrose
0%
3 Ejike Uzoenyi
0%
15 El Arbi Hillel Soudani
0%
7 Emilio Izaguirre
0%
8 Emmanuel Agyemang-Badu
0%
4 Essaïd Belkalem
0%
13 Esteban Granados
0%
18 Eugene Galeković
0%
18 Eyong Enoh
0%
19 Fabrice Olinga
0%
22 Faryd Mondragón
0%
16 Fatawu Dauda
0%
3 Frickson Erazo
0%
21 Gabriel Achilier
0%
20 Geoff Cameron
0%
11 Ghasem Haddadifar
0%
3 Gieorgij Szczennikow
0%
14 Godfrey Oboabona
0%
18 Haris Međunjanin
0%
7 Hassan Yebda
0%
19 Haszem Bejkzade
0%
8 Hiroshi Kiyotake
0%
13 Hosejn Mahini
0%
16 Hotaru Yamaguchi
0%
17 Isaac Brizuela
0%
2 Ivan Franjić
0%
20 Izet Hajrović
0%
14 James Troisi
0%
18 Janis Fetfadzidis
0%
2 Janis Maniatis
0%
12 Jasmin Fejzić
0%
3 Jason Davidson
0%
20 Javier Aquino
0%
7 Jean-Daniel Akpa-Akpro
0%
11 Jean II Makoun
0%
21 John Boye
0%
19 Jonathan Mensah
0%
20 Jorge Claros
0%
4 Jorge Fucile
0%
2 Jorge Guagua
0%
3 Jorgos Dzawelas
0%
22 José Cubero
0%
23 José María Basanta
0%
2 Joseph Yobo
0%
Korea Płd. 1 Jung Sung-ryong
0%
12 Jurij Łodygin
0%
13 Juwon Oshaniwa
0%
21 Kostas Katsuranis
0%
12 Kunle Odunlami
0%
4 Kwak Tae-hwi
0%
15 Kyle Beckerman
0%
7 Landry N’Guémo
0%
16 Lazaros Christodulopulos
0%
17 Liassine Cadamuro-Bentaïba
0%
Kamerun 1 Loïc Feudjou
0%
19 Luis Garrido
0%
19 Luis Saritama
0%
11 Lukas Windra
0%
2 Madjid Bougherra
0%
20 Manabu Saitō
0%
23 Mark Bresciano
0%
5 Mark Milligan
0%
19 Masahiko Inoha
0%
6 Masato Morishige
0%
7 Masud Szojai
0%
5 Matt Besler
0%
6 Matthew Spiranovic
0%
17 Matt McKay
0%
9 Mauricio Pinilla
0%
3 Maynor Figueroa
0%
8 Medhi Lacen
0%
22 Mehdi Mostefa
0%
23 Mehrdad Puladi
0%
13 Mensur Mujdža
0%
15 Michael Arroyo
0%
11 Michael Barrantes
0%
20 Michael Uchebo
0%
4 Michael Umaña
0%
18 Michel Babatunde
0%
23 Mickaël Landreau
0%
16 Miguel Ángel Ponce
0%
3 Miiko Albornoz
0%
10 Mikkel Diskerud
0%
16 Mohamed Zemmamouche
0%
17 Mohammed Rabiu
0%
14 Nicolás Lodeiro
0%
18 Nicolas Lombaerts
0%
3 Nicolas N’Koulou
0%
18 Noel Valladares
0%
17 Ogenyi Onazi
0%
8 Ognjen Vukojević
0%
13 Oliver Bozanić
0%
12 Oliver Zelenika
0%
18 Óscar Bagüí
0%
14 Oswaldo Minda
0%
12 Panajotis Glikos
0%
23 Panajotis Tachtsidis
0%
18 Patrick Pemberton
0%
15 Pawieł Mogilewiec
0%
15 Peżman Montazeri
0%
15 Pierre Webó
0%
5 Rafik Halliche
0%
Iran 1 Rahman Ahmadi
0%
23 Raïs M’Bolhi
0%
15 Ramon Azeez
0%
14 Randall Brenes
0%
15 Rashid Sumaila
0%
3 Reto Ziegler
0%
4 Reuben Gabriel
0%
8 Reza Haghighi
0%
15 Roger Espinoza
0%
21 Ross Barkley
0%
19 Roy Miller
0%
19 Ryan McGowan
0%
13 Sammy Bossut
0%
23 Sammy N’Djock
0%
2 Samuel Inkoom
0%
19 Saphir Taïder
0%
23 Sayouba Mandé
0%
17 Senijad Ibričić
0%
12 Shūsaku Nishikawa
0%
16 Siergiej Ryżykow
0%
13 Stefanos Kapino
0%
Ghana 1 Stephen Adams
0%
20 Steven Beitashour
0%
5 Steve von Bergen
0%
16 Sylvain Gbohouo
0%
14 Terence Kongolo
0%
11 Thomas Oar
0%
21 Timothy Chandler
0%
14 Tino-Sven Sušić
0%
15 Toni Šunjić
0%
14 Toshihiro Aoyama
0%
19 Uche Nwofor
0%
22 Victor
0%
5 Víctor Bernárdez
0%
22 Wakaso Mubarak
0%
5 Walter Gargano
0%
5 Wangelis Moras
0%
12 Waylon Francis
0%
20 Wiktor Fajzulin
0%
15 Yasuyuki Konno
0%
17 Yeltsin Tejeda
0%
11 Yōichirō Kakitani
0%
13 Yoshito Ōkubo
0%
Nie znaleziono quizów pasujących do podanych kryteriów
Rozkład punktacji
Procent ludzi z każdym wynikiem
Percentyl według liczby udzielonych odpowiedzi
Twoja historia wyników
Nie rozwiązałeś tego quizu